Top 500 Baby Girl Names of 2017-USA - Statistics

General Stats
  • This quiz has been taken 1,424 times
  • The average score is 262 of 500
Answer Stats
Rank Hint Answer % Correct
239 A Alivia
98%
1 E Emma
98%
2 O Olivia
98%
145 I Isabel
95%
92 I Isabelle
95%
3 A Ava
94%
211 A Ana
93%
53 A Anna
93%
426 E Emely
93%
12 E Emily
93%
4 I Isabella
93%
16 E Ella
92%
15 S Sofia
92%
5 S Sophia
92%
7 C Charlotte
91%
259 I Izabella
91%
6 M Mia
91%
140 E Eliza
90%
13 E Elizabeth
90%
373 E Elle
90%
436 E Eve
90%
8 A Amelia
89%
74 E Emilia
89%
21 G Grace
89%
126 M Mary
89%
19 V Victoria
89%
73 E Eva
88%
32 H Hannah
88%
22 C Chloe
87%
137 K Khloe
87%
153 L Lilly
87%
33 L Lily
87%
158 S Sara
87%
62 S Sarah
87%
357 M Maddison
86%
17 M Madison
86%
111 M Maria
86%
41 Z Zoe
86%
29 Z Zoey
86%
10 A Abigail
84%
106 S Sophie
84%
65 A Alexa
83%
198 C Catherine
83%
105 K Katherine
83%
424 K Kathryn
83%
40 L Leah
83%
279 L Leia
83%
337 L Lia
83%
9 E Evelyn
82%
141 R Rose
82%
174 A Amy
81%
20 A Aria
81%
323 A Ariah
81%
428 A Ariyah
81%
135 A Arya
81%
341 E Evelynn
81%
340 L Laura
81%
70 A Alice
80%
248 J Jessica
80%
24 P Penelope
80%
313 A Alessandra
79%
120 A Alexandra
79%
11 H Harper
79%
93 J Julia
79%
28 N Nora
79%
136 N Norah
79%
195 R Rachel
79%
148 L Lauren
78%
27 L Lillian
78%
52 L Lucy
78%
54 S Samantha
78%
122 A Ashley
77%
55 C Caroline
77%
44 E Ellie
77%
310 J Jennifer
77%
330 A Allie
76%
72 H Hailey
76%
343 H Haley
76%
166 M Molly
76%
382 A Alison
75%
60 A Allison
75%
490 A Allyson
75%
395 A Averie
75%
14 A Avery
75%
50 B Bella
75%
275 K Kate
75%
368 M Madeleine
75%
100 M Madeline
75%
63 M Madelyn
75%
459 M Madelynn
75%
338 M Madilyn
75%
36 N Natalie
75%
216 R Rebecca
75%
144 A Alexis
74%
66 A Ariana
74%
87 A Arianna
74%
409 K Katie
74%
25 R Riley
74%
104 R Rylee
74%
161 R Ryleigh
74%
358 R Rylie
74%
350 A Angel
73%
46 A Audrey
73%
334 A Amanda
72%
282 J Jane
72%
26 L Layla
72%
48 V Violet
72%
34 A Addison
70%
359 A Alicia
70%
297 A Annie
70%
86 A Aubree
70%
31 A Aubrey
70%
408 C Christina
70%
172 L Laila
70%
221 L Leila
70%
487 M Maia
70%
61 M Maya
70%
273 M Melissa
70%
173 M Mya
70%
253 H Hope
69%
240 L Lola
69%
132 M Margaret
69%
30 M Mila
69%
325 M Myla
69%
183 N Nicole
69%
401 A Amber
68%
79 R Ruby
68%
118 A Annabelle
67%
96 C Clara
67%
280 G Gabriela
67%
68 G Gabriella
67%
197 G Gracie
67%
494 H Holly
67%
103 I Isla
67%
138 K Kayla
67%
90 M Melanie
67%
492 M Melany
67%
97 V Vivian
67%
252 V Vivienne
67%
182 A Alaina
66%
228 A Alayna
66%
123 B Brianna
66%
23 C Camila
66%
308 C Camilla
66%
49 C Claire
66%
170 D Daisy
66%
284 E Elaina
66%
35 E Eleanor
66%
67 E Elena
66%
407 E Erin
66%
293 K Kamila
66%
164 K Kimberly
66%
287 S Stephanie
66%
321 A Ada
65%
83 C Cora
65%
351 D Danielle
65%
230 D Diana
65%
242 G Georgia
65%
110 J Jade
65%
210 L Lila
65%
272 L Lilah
65%
131 L Lyla
65%
355 M Millie
65%
204 V Vanessa
65%
378 V Veronica
65%
81 W Willow
65%
450 A Abby
64%
119 F Faith
64%
263 G Gabrielle
64%
418 H Helen
64%
234 A Angela
63%
199 A Angelina
63%
463 B Briana
63%
108 I Ivy
63%
130 J Jasmine
63%
415 K Katelyn
63%
362 K Kylee
63%
114 K Kylie
63%
37 L Luna
63%
214 M Michelle
63%
38 S Savannah
63%
396 S Scarlet
63%
18 S Scarlett
63%
42 S Stella
63%
180 A Adaline
62%
134 A Adalyn
62%
116 A Adalynn
62%
376 A Addilyn
62%
64 A Adeline
62%
203 A Adelyn
62%
306 A Adelynn
62%
128 A Andrea
62%
75 A Autumn
62%
117 N Natalia
62%
322 N Nina
62%
39 B Brooklyn
61%
217 B Brooklynn
61%
107 J Josephine
61%
256 O Olive
61%
222 S Sienna
61%
112 T Taylor
61%
281 Z Zara
61%
257 A Alexandria
60%
196 D Daniela
60%
346 D Daniella
60%
165 E Esther
60%
345 K Kaitlyn
60%
99 M Mackenzie
60%
296 M Makenzie
60%
187 M Mckenzie
60%
499 M Megan
60%
69 N Naomi
60%
167 V Valerie
60%
133 A Alyssa
59%
142 A Ariel
59%
318 A Arielle
59%
402 G Gia
59%
219 S Summer
59%
223 A Adriana
58%
374 A Adrianna
58%
191 B Brooke
58%
440 C Carolina
58%
181 F Fiona
58%
438 F Frances
58%
43 H Hazel
58%
244 J June
58%
265 R Ruth
58%
71 S Sadie
58%
57 A Aaliyah
57%
453 A April
57%
149 I Iris
57%
109 L Liliana
57%
147 J Juliana
56%
194 J Julianna
56%
226 J Juliet
56%
207 J Juliette
56%
205 M Makayla
56%
392 M Mikayla
56%
473 M Mira
56%
179 P Paige
56%
76 Q Quinn
56%
51 A Aurora
55%
331 K Keira
55%
354 K Kiara
55%
377 K Kira
55%
319 P Phoebe
55%
278 V Vera
55%
155 A Aliyah
54%
188 C Callie
54%
251 C Camille
54%
301 E Elsie
54%
349 E Evie
54%
386 J Jenna
54%
201 J Josie
54%
85 L Lydia
54%
143 M Melody
54%
213 A Alana
53%
412 A Alexia
53%
154 C Charlie
53%
177 E Elise
53%
91 G Gianna
53%
336 J Joy
53%
225 K Kendall
53%
304 L Lena
53%
189 P Payton
53%
89 P Peyton
53%
288 C Cali
52%
102 D Delilah
52%
356 J Jordan
52%
162 J Jordyn
52%
299 K Kali
52%
84 K Kaylee
52%
290 L Lilliana
52%
247 M Maggie
52%
152 M Morgan
52%
311 P Paislee
52%
45 P Paisley
52%
414 S Serena
52%
452 S Sierra
52%
425 S Skye
52%
277 C Charlee
51%
466 C Charleigh
51%
397 K Kayleigh
51%
243 S Selena
51%
125 B Bailey
50%
237 J Joanna
50%
367 L Lana
50%
455 C Carly
49%
227 D Destiny
49%
185 L Lucia
49%
47 S Skylar
49%
383 S Skyler
49%
139 E Eden
48%
82 E Everly
48%
435 F Francesca
48%
305 F Freya
48%
427 J Jada
48%
101 B Brielle
47%
88 E Eliana
47%
229 E Elliana
47%
58 K Kennedy
47%
276 A Adelaide
46%
468 A Annabella
46%
381 C Chelsea
46%
190 E Eloise
46%
386 E Everleigh
46%
202 H Harley
46%
300 H Haven
46%
335 H Heaven
46%
441 K Kennedi
46%
146 S Sydney
46%
157 A Arabella
45%
264 L Lucille
45%
327 C Cassidy
44%
255 G Gemma
44%
364 H Heidi
44%
400 N Nadia
44%
77 N Nevaeh
44%
78 P Piper
44%
236 R Rosalie
44%
156 V Valeria
44%
375 B Bianca
43%
420 C Camryn
43%
184 G Genevieve
43%
403 K Kamryn
43%
342 L Lexi
43%
95 N Nova
43%
206 P Parker
43%
246 T Tessa
43%
405 C Carmen
42%
267 E Evangeline
42%
347 F Felicity
42%
431 K Kendra
42%
168 C Cecilia
41%
151 L London
41%
192 L Londyn
41%
482 M Macie
41%
497 N Nia
41%
98 R Reagan
41%
434 S Sabrina
41%
94 V Valentina
41%
471 A Ashlyn
40%
127 A Athena
40%
178 H Harmony
40%
348 J Jacqueline
40%
163 J Jocelyn
40%
344 M Miranda
40%
303 P Paris
40%
169 A Anastasia
39%
295 A Ariella
39%
268 B Blake
39%
254 M Mckenna
39%
235 N Noelle
39%
80 S Serenity
39%
488 S Sylvia
39%
186 A Alina
38%
476 E Edith
38%
113 H Hadley
38%
150 E Emerson
37%
241 E Emersyn
37%
56 G Genesis
37%
339 G Gracelyn
37%
369 G Gracelynn
37%
399 K Kelsey
37%
388 K Kyla
37%
478 M Maryam
37%
285 M Miriam
37%
160 T Trinity
37%
454 W Willa
37%
286 B Briella
36%
294 B Brynn
36%
233 D Dakota
36%
481 K Kensley
36%
59 K Kinsley
36%
328 M Maci
36%
484 M Marlee
36%
176 A Amaya
35%
232 A Ayla
35%
406 J Jimena
35%
121 X Ximena
35%
464 C Celeste
34%
292 L Logan
34%
298 M Mariana
34%
209 M Marley
34%
457 R Rosemary
34%
312 T Talia
34%
385 D Daphne
33%
315 F Fatima
33%
448 L Leslie
33%
333 M Makenna
33%
379 G Gwendolyn
32%
314 J Juniper
32%
215 M Malia
32%
394 M Maliyah
32%
416 O Ophelia
32%
274 R River
32%
390 H Harlow
31%
360 M Maeve
31%
212 R Rowan
31%
411 V Viviana
31%
326 B Brinley
30%
218 B Brynlee
30%
238 J Jayla
30%
370 K Kenzie
30%
361 M Margot
30%
193 M Mariah
30%
171 R Reese
30%
309 S Sage
30%
269 T Thea
30%
208 A Amara
29%
317 A Amira
29%
480 H Hattie
29%
231 H Hayden
29%
410 R Ryan
29%
372 S Shelby
29%
175 T Teagan
29%
449 W Winter
29%
270 A Amina
28%
393 D Dahlia
28%
159 F Finley
28%
271 G Giselle
28%
129 L Leilani
28%
496 M Meredith
28%
352 A Ainsley
27%
115 E Emery
27%
262 J Journee
27%
283 J Journey
27%
451 M Mabel
27%
200 P Presley
27%
261 R Raegan
27%
493 K Kaydence
26%
398 L Luciana
26%
224 S Sawyer
26%
421 C Cadence
25%
432 C Cheyenne
25%
250 D Delaney
25%
380 E Esmeralda
24%
320 K Kinley
24%
462 L Lorelei
24%
316 R Raelyn
24%
124 R Raelynn
24%
220 S Sloane
24%
258 B Blakely
23%
353 D Dylan
23%
302 N Nyla
23%
442 N Nylah
23%
249 R Remi
23%
260 C Catalina
22%
329 A Aspen
21%
289 E Ember
21%
307 L Lyric
21%
446 R Raven
21%
365 Z Zuri
21%
485 D Demi
20%
417 R Regina
20%
391 A Annalise
18%
371 M Miracle
18%
423 A Amari
17%
332 K Kaia
17%
437 M Mckinley
17%
363 P Phoenix
17%
413 A Anaya
16%
470 B Braelyn
16%
389 B Braelynn
16%
500 J Justice
16%
498 L Liana
16%
474 O Oakley
16%
324 S Samara
16%
443 T Tatum
16%
366 A Alondra
15%
467 L Leighton
15%
465 W Wren
15%
245 D Daleyza
14%
456 J Jolene
14%
291 A Aniyah
13%
486 C Cataleya
13%
479 E Emmalyn
13%
483 B Bristol
12%
475 M Malaysia
12%
444 A Alani
11%
404 Y Yaretzi
11%
458 A Aviana
10%
477 A Avianna
10%
491 L Lilith
10%
439 S Sarai
10%
430 S Saylor
10%
266 A Amiyah
9%
419 R Remington
9%
429 A Aylin
8%
489 I Itzel
8%
384 M Magnolia
8%
495 N Nayeli
8%
460 S Selah
8%
445 L Lennon
7%
433 F Fernanda
5%
422 R Royalty
5%
469 J Jayleen
4%
461 R Renata
4%
447 Z Zariah
3%
472 J Jazlyn
2%
No matching quizzes found
Score Distribution
Percent of People with Each Score
Percentile by Number Answered
Your Score History
You have not taken this quiz